000
00310nam a22001457a 4500
003
SGT
020
_a
938426679-5
082
_a
615
_b
SAI
100
_a
SAINDANE, HARSHATA B.
245
_a
PHARMACOLOGY-II
260
_a
INDIA
_b
BIRLA PUB.
_c
2025
300
_a
72
650
_a
PHARMACOLOGY
942
_2
ddc
_c
BK
999
_c
33057
_d
33057